|
|
|
|
| LEADER |
00000cam a2200000 7i4500 |
| 001 |
0000035446 |
| 005 |
20130418.0 |
| 008 |
130418 |
| 020 |
|
|
|a 8189161733
|
| 090 |
0 |
0 |
|a 658.4
|b JAL
|
| 100 |
1 |
|
|a Jalan, P. R
|
| 245 |
1 |
0 |
|a Management training for professionals
|c P. R. Jalan
|
| 260 |
|
|
|a New Delhi :
|b Adhyayan Pub. & Dist ,
|c 2006
|
| 650 |
|
0 |
|a Executive
|x Training directories
|
| 650 |
|
0 |
|a Management study & teaching
|x Directories
|
| 999 |
|
|
|a 0001021417
|b Book
|c REFERENCE
|e Perbadanan Perpustakaan Awam Johor
|
| 999 |
|
|
|a 0001027729
|b Book
|c Adult Collection
|e Perbadanan Perpustakaan Awam Johor
|